[Event "The Fifth Jerusalem Open"]
[Site "SchemingMind.com"]
[Date "2010.05.13"]
[Round "-"]
[White "fervac"]
[Black "miriskra"]
[Result "1/2-1/2"]
[WhiteCountry "NCA"]
[BlackCountry "WLS"]
[WhiteElo "1940"]
[WhiteRD "89"]
[BlackElo "1808"]
[BlackRD "69"]
[GameID "248432"]

1. d4 Nf6 2. c4 d6 3. Nc3 Nbd7 4. Nf3 e5 5. dxe5 dxe5 6. Bg5 Be7 7. e3 c6 8. Be2 O-O 9. O-O Qc7 10. Qc2 Re8
11. Rfd1 Nf8 12. h3 Be6 13. Bxf6 Bxf6 14. c5 Rad8 15. Ne4 Be7 16. b4 f6 17. Bc4 Kh8 18. a4 Rxd1+ 19. Rxd1 Rd8 20. Bxe6 Nxe6
21. Nh4 g6 22. Nf3 Kg7 23. h4 Rd7 24. Kf1 Rxd1+ 25. Qxd1 f5 26. Neg5 Nxg5 27. Nxg5 Qc8 28. Qb3 Bxg5 29. hxg5 Qd8 30. f4 exf4
31. exf4 Qd2 32. g3 Qd4 33. Kg2 Qe4+ 34. Kf2 Qd4+ 35. Kg2 Qe4+ 36. Kf2 Qd4+ 37. Ke2= Qe4+ 38. Kd2 Qd4+= 39. Kc2 Qf2+ 40. Kb1 Qe1+
41. Ka2 Qd2+ 42. Qb2+ Qxb2+ 43. Kxb2 h6 44. gxh6+ Kxh6 45. Kc3 Kh5 46. b5 Kg4 47. a5 a6 48. bxc6 bxc6 49. Kd4 Kxg3 50. Ke5 Kf3
51. Kd6 Kxf4 52. Kxc6 Kg3 53. Kb7 f4 54. c6 f3 55. c7 f2 56. c8=Q f1=Q 57. Qc5 Kh4 58. Qd4+ Kh5 59. Qh8+ Kg5 60. Qe5+ Kh4
61. Qe4+ Kh5 62. Qe8 Qd3= 63. Qh8+ Kg4 64. Qc8+ Kh4 65. Qc6 g5 66. Qh6+ Kg4 67. Qxa6 Qxa6+ 68. Kxa6 Kf4 69. Kb7 g4 70. a6 g3=
1/2-1/2

[Event "The Fifth Jerusalem Open"]
[Site "SchemingMind.com"]
[Date "2010.05.13"]
[Round "-"]
[White "emvarela"]
[Black "miriskra"]
[Result "1-0"]
[WhiteCountry "ARG"]
[BlackCountry "WLS"]
[WhiteElo "1754"]
[WhiteRD "55"]
[BlackElo "1850"]
[BlackRD "81"]
[GameID "248434"]

1. e4 c6 2. d4 d5 3. Nc3 dxe4 4. Nxe4 Nf6 5. Nxf6+ exf6 6. Nf3 Bg4 7. Be3 Bd6 8. h3 Bh5 9. g4 Bg6 10. Bd3 Bxd3
11. Qxd3 O-O 12. O-O-O Na6 13. c3 Qa5 14. Kb1 Rfe8 15. d5 cxd5 16. Qxd5 Qc7 17. Qxd6 Qxd6 18. Rxd6
1-0

[Event "The Fifth Jerusalem Open"]
[Site "SchemingMind.com"]
[Date "2010.05.13"]
[Round "-"]
[White "andy146"]
[Black "_keyes"]
[Result "1-0"]
[WhiteCountry "POL"]
[BlackCountry "ENG"]
[WhiteElo "2015"]
[WhiteRD "80"]
[BlackElo "1877"]
[BlackRD "80"]
[GameID "248559"]

1. d4 Nf6 2. c4 e6 3. Nc3 Bb4 4. Qc2 d5 5. e3 Ne4 6. Bd3 f5 7. Ne2 O-O 8. O-O c6 9. c5 Ba5 10. a3 Nd7
11. b4 Bc7 12. Nf4 Bxf4 13. exf4 Ndf6 14. Ne2 Nd7 15. Ng3 Ndf6 16. f3 Nxg3 17. hxg3 Qe8 18. Re1 Qg6 19. g4 Ne8 20. Re5 Nc7
21. Bd2 Qf7 22. Rae1 g6 23. Qc1 Bd7 24. Be3 Ne8 25. Bf2 fxg4 26. fxg4 Qxf4 27. Be3 Qf7 28. Rf1 Qg7 29. Bh6 Rxf1+ 30. Bxf1 Qf7
31. Re2 Ng7 32. Rf2 Qe7 33. Bg5 Qe8 34. Bf6 Qf7 35. Be5 Qe7 36. Qh6 Rf8 37. Bd6 Nf5 38. Bxe7 Nxh6 39. Rxf8+ Kg7 40. Rd8
1-0

[Event "The Fifth Jerusalem Open"]
[Site "SchemingMind.com"]
[Date "2010.05.13"]
[Round "-"]
[White "andy146"]
[Black "fervac"]
[Result "1/2-1/2"]
[WhiteCountry "POL"]
[BlackCountry "NCA"]
[WhiteElo "1939"]
[WhiteRD "79"]
[BlackElo "1939"]
[BlackRD "86"]
[GameID "248560"]

1. d4 Nf6 2. c4 c5 3. Nf3 cxd4 4. Nxd4 g6 5. g3 Bg7 6. Bg2 Nc6 7. O-O O-O 8. e3 Nxd4 9. exd4 d5 10. c5 b6
11. Nc3 bxc5 12. dxc5 e6 13. b4 Rb8 14. Rb1 Nd7 15. Ne2 Ba6 16. Bd2 Bd3 17. Bf4 Bxb1 18. Bxb8 Bxa2 19. Bxa7 Bc4 20. Qc2 Qa8
21. Qxc4 dxc4 22. Bxa8 Rxa8 23. c6 Rxa7 24. cxd7 Rxd7 25. Rc1 Rc7 26. Nc3 Rb7 27. Na2 Rc7 28. Rc2 c3 29. Kf1 Kf8 30. Ke2 Ke7
31. Kd3 Rb7 32. Kc4=
1/2-1/2

[Event "The Fifth Jerusalem Open"]
[Site "SchemingMind.com"]
[Date "2010.05.13"]
[Round "-"]
[White "andy146"]
[Black "miriskra"]
[Result "1-0"]
[WhiteCountry "POL"]
[BlackCountry "WLS"]
[WhiteElo "1958"]
[WhiteRD "82"]
[BlackElo "1839"]
[BlackRD "79"]
[GameID "248561"]

1. c4 d6 2. d4 Nf6 3. Nf3 Nbd7 4. Nc3 e5 5. e4 c6 6. Be2 Be7 7. O-O O-O 8. b3 Qc7 9. Bb2 Re8 10. Re1 Nf8
11. h3 Ng6 12. d5 Nf4 13. Qc2 cxd5 14. cxd5 Nxe2+ 15. Rxe2 Bd7 16. Rc1 Rac8 17. Qd1 Qb8 18. Rec2 Bf8 19. a4 a6 20. Na2 Rxc2
21. Rxc2 Nxe4 22. Nc3 Nxc3 23. Rxc3 b5 24. Qc2 Rc8 25. Ng5 g6 26. axb5 axb5 27. Ne4 Rxc3 28. Qxc3 h6 29. Nf6+
1-0

[Event "The Fifth Jerusalem Open"]
[Site "SchemingMind.com"]
[Date "2010.05.13"]
[Round "-"]
[White "andy146"]
[Black "emvarela"]
[Result "1-0"]
[WhiteCountry "POL"]
[BlackCountry "ARG"]
[WhiteElo "2015"]
[WhiteRD "80"]
[BlackElo "1783"]
[BlackRD "56"]
[GameID "248563"]

1. d4 Nf6 2. c4 g6 3. g3 d5 4. Bg2 c6 5. cxd5 cxd5 6. Nc3 Bg7 7. Nf3 O-O 8. O-O Nc6 9. Qb3 e6 10. Bf4 a6
11. Na4 b5 12. Nc5 Ne4 13. Rac1 Nxd4 14. Nxd4 Nxc5 15. Rxc5 Bxd4 16. Rc2 Qf6 17. e3 Be5 18. Bxe5 Qxe5 19. Rfc1 Bd7 20. Rc7 Rfd8
21. R1c3 Rac8 22. Rxd7 Re8 23. Qa3 Rxc3 24. bxc3 Rc8 25. Qxa6 Rxc3 26. Qxb5 Rc1+ 27. Bf1 Rc2 28. a4 Qf5 29. Be2 Qh3 30. Qb8+ Kg7
31. Qe5+ Kh6 32. Qf4+
1-0

[Event "The Fifth Jerusalem Open"]
[Site "SchemingMind.com"]
[Date "2010.05.14"]
[Round "-"]
[White "reptile"]
[Black "andy146"]
[Result "1-0"]
[WhiteCountry "ISR"]
[BlackCountry "POL"]
[WhiteElo "2051"]
[WhiteRD "79"]
[BlackElo "1958"]
[BlackRD "82"]
[GameID "248564"]

1. e4 e5 2. f4 exf4 3. Nf3 Be7 4. Bc4 Bh4+ 5. Kf1 c6 6. Nc3 b5 7. Bb3 Nh6 8. d4 a5 9. a3 Ba6 10. Ne2 O-O
11. Bxf4 Ng4 12. Nxh4 Qxh4 13. Qe1 Qe7 14. Qg3 Nf6 15. e5 Nd5 16. Bg5 Qe6 17. Nf4 Qf5 18. Bh6 Ne3+ 19. Qxe3 gxh6 20. Kg1 Re8
21. Rf1 b4 22. Nd3 Qg5 23. Bxf7+
1-0

[Event "The Fifth Jerusalem Open"]
[Site "SchemingMind.com"]
[Date "2010.05.13"]
[Round "-"]
[White "_keyes"]
[Black "andy146"]
[Result "0-1"]
[WhiteCountry "ENG"]
[BlackCountry "POL"]
[WhiteElo "1930"]
[WhiteRD "81"]
[BlackElo "1958"]
[BlackRD "82"]
[GameID "248566"]

1. d4 Nf6 2. c4 e6 3. Nc3 Bb4 4. e3 O-O 5. Bd3 d5 6. Nf3 c5 7. O-O Nc6 8. a3 cxd4 9. exd4 dxc4 10. Bxc4 Bxc3
11. bxc3 b6 12. Qe2 Bb7 13. Bg5 h6 14. Bh4 Rc8 15. Rac1 Na5 16. Ba2 Qd6 17. Bxf6 gxf6 18. Bb1 Qxa3 19. Qd3 f5 20. Nd2 Kh7
21. Qh3 Rg8 22. Bxf5+ exf5 23. Qxf5+ Kh8 24. Qf6+ Rg7 25. Qxh6+ Kg8 26. f3 Rxc3 27. Rce1 Qf8 28. Qh4 Nb3 29. Nxb3 Rxb3 30. Re5 Rxf3
31. Rfe1 Rxg2+ 32. Kh1 Rf1+ 33. Rxf1 Rg4+ 34. d5 Rxh4
0-1

[Event "The Fifth Jerusalem Open"]
[Site "SchemingMind.com"]
[Date "2010.05.14"]
[Round "-"]
[White "fervac"]
[Black "andy146"]
[Result "0-1"]
[WhiteCountry "NCA"]
[BlackCountry "POL"]
[WhiteElo "1939"]
[WhiteRD "86"]
[BlackElo "1939"]
[BlackRD "79"]
[GameID "248567"]

1. d4 d5 2. c4 dxc4 3. e3 e5 4. Bxc4 exd4 5. Nf3 Nf6 6. O-O Bd6 7. e4 Bc5 8. e5 Ne4 9. Re1 Bf5 10. e6 fxe6
11. Bd3 Qd5 12. g4 Nxf2 13. Qa4+ Nc6 14. Bxf5 Qxf3 15. Rxe6+ Kf7 16. h4 d3 17. Re3 Bxe3 18. Qb3+ Kf8 19. Bxe3 Qxe3 20. Kg2 Nh3
21. Nc3 Nf4+ 22. Kf1 Qf3+ 23. Ke1 Re8+ 24. Kd2 Qe3+
0-1

[Event "The Fifth Jerusalem Open"]
[Site "SchemingMind.com"]
[Date "2010.05.14"]
[Round "-"]
[White "miriskra"]
[Black "andy146"]
[Result "0-1"]
[WhiteCountry "WLS"]
[BlackCountry "POL"]
[WhiteElo "1808"]
[WhiteRD "69"]
[BlackElo "2015"]
[BlackRD "80"]
[GameID "248568"]

1. d4 d5 2. c4 c6 3. cxd5 cxd5 4. Nc3 Nf6 5. Nf3 e6 6. Bf4 Bb4 7. Qa4+ Nc6 8. Ne5 Bxc3+ 9. bxc3 Bd7 10. Nxd7 Qxd7
11. e3 O-O 12. Bd3 a6 13. O-O b5 14. Qc2 Na5 15. f3 Nc4 16. e4 Rac8 17. e5 Nh5 18. Bg5 h6 19. Bc1 g6 20. Bxh6 Ng7
21. Rae1 b4 22. Bxc4 Rxc4 23. Rc1 Rfc8 24. Qd2 Rxc3 25. g4 Qc7 26. Rb1 a5 27. Bg5 Rc2 28. Qf4 Qc3 29. Bf6 Qd2 30. Qg3 Qxd4+
31. Kh1 Rxa2 32. Rbc1 Rcc2 33. Rxc2 Rxc2 34. Qh3 Qf4
0-1

[Event "The Fifth Jerusalem Open"]
[Site "SchemingMind.com"]
[Date "2010.05.14"]
[Round "-"]
[White "emvarela"]
[Black "andy146"]
[Result "0-1"]
[WhiteCountry "ARG"]
[BlackCountry "POL"]
[WhiteElo "1785"]
[WhiteRD "53"]
[BlackElo "2045"]
[BlackRD "85"]
[GameID "248570"]

1. e4 c6 2. d4 d5 3. Nc3 dxe4 4. Nxe4 Nd7 5. Nf3 Ngf6 6. Nxf6+ Nxf6 7. Bc4 Bf5 8. Ne5 e6 9. Bg5 Be7 10. Bxf6 Bxf6
11. c3 O-O 12. O-O c5 13. g4 Bxe5 14. dxe5 Qg5 15. Be2 Rad8 16. Qc1 Qg6 17. h3 h5 18. f3 hxg4 19. hxg4 Bd3 20. Bxd3 Rxd3
21. Qf4 Rfd8 22. Rf2 Rd1+ 23. Rxd1 Rxd1+ 24. Kg2 Qh7 25. Rf1 Rxf1 26. Kxf1 Qb1+ 27. Ke2 Qxb2+ 28. Qd2 Qxd2+ 29. Kxd2 b5 30. f4 Kf8
31. Kc2 Ke7 32. g5 Kd7 33. Kd3 Kc6 34. c4 bxc4+ 35. Kxc4 a6 36. a4 a5 37. Kd3 Kd5 38. Kc3 Ke4 39. Kc4 Kxf4 40. Kxc5 Kxe5
41. Kb5 Kd5 42. Kxa5 Kc5 43. Ka6 e5 44. a5 e4 45. Kb7 e3 46. a6 e2 47. a7 e1=Q 48. a8=Q Qe4+
0-1